مكتبة جامعة عجلون الوطنية

فهرس بحث المكتبة

تدقيق الحسابات الاجراءات / (Record no. 33214)

MARC details
000 -LEADER
fixed length control field 00954nam a22002177a 4500
003 - CONTROL NUMBER IDENTIFIER
control field JO-AjAnu
005 - DATE AND TIME OF LATEST TRANSACTION
control field 20231202111337.0
008 - FIXED-LENGTH DATA ELEMENTS--GENERAL INFORMATION
fixed length control field 231202b jo ||||| |||| 00| 0 ara d
040 ## - CATALOGING SOURCE
Original cataloging agency JO-AjAnu
Language of cataloging ARA
Transcribing agency JO-AjAnu
Modifying agency JO-AjAnu
041 #0 - LANGUAGE CODE
Language code of text/sound track or separate title ARA
Language code of original ARA
050 ## - LIBRARY OF CONGRESS CALL NUMBER
Classification number HF5667.
Item number Q23 2000
100 #1 - MAIN ENTRY--PERSONAL NAME
Personal name القاضي، حسين يوسف
9 (RLIN) 64573
Relator term مؤلف
245 #0 - TITLE STATEMENT
Title تدقيق الحسابات الاجراءات /
Statement of responsibility, etc. حسين يوسف القاضي، حسين احمد دحدوح
250 ## - EDITION STATEMENT
Edition statement الطبعة الاولى
260 ## - PUBLICATION, DISTRIBUTION, ETC.
Place of publication, distribution, etc. عمان :
Name of publisher, distributor, etc. الدار العلمية الدولية للنشر والتوزيع، دار الثقافة للنشر والتوزيع،
Date of publication, distribution, etc. 2000
300 ## - PHYSICAL DESCRIPTION
Extent 384 صفحة
504 ## - BIBLIOGRAPHY, ETC. NOTE
Bibliography, etc. note يحتوي على مراجع باللغتين العربية والانجليزية
650 #0 - SUBJECT ADDED ENTRY--TOPICAL TERM
Topical term or geographic name entry element المحاسبة-مراجعة الحسابات-تدقيق
9 (RLIN) 64574
700 #1 - ADDED ENTRY--PERSONAL NAME
Personal name دحدوح، حسين احمد
9 (RLIN) 64575
942 ## - ADDED ENTRY ELEMENTS (KOHA)
Source of classification or shelving scheme Library of Congress Classification
Koha item type Books
Suppress in OPAC No

No items available.